LIBRARY & INFORMATION CENTRE, KCAET, TAVANUR

ONLINE PUBLIC ACCESS CATALOGUE (OPAC)

Dwelling House Construction / (Record no. 3311)

MARC details
000 -LEADER
fixed length control field 00372cam a2200145ua 4500
041 ## - LANGUAGE CODE
Language code of text/sound track or separate title eng
082 ## - DEWEY DECIMAL CLASSIFICATION NUMBER
Classification number 690
Item number DIE/DW
100 ## - MAIN ENTRY--AUTHOR NAME
Personal name Dietz, Albert G H.
245 ## - TITLE STATEMENT
Title Dwelling House Construction /
260 ## - PUBLICATION, DISTRIBUTION, ETC. (IMPRINT)
Place of publication :
Name of publisher Van Nostrand Reinhold Company ,
Year of publication 1963.
300 ## - PHYSICAL DESCRIPTION
Number of Pages 396 ; .
942 ## - ADDED ENTRY ELEMENTS (KOHA)
Koha item type Books
Holdings
Withdrawn status Lost status Damaged status Home library Current library Date acquired Full call number Accession Number Koha item type
      KAUAET KAUAET 07/04/2012 690 5973 Books
free website counter